[Event "Regionalliga SW 9798"]
[Site "Bayern"]
[Date "1997.??.??"]
[Round "?.1"]
[White "Mueller, Christian"]
[Black "Negele, Anton"]
[Result "1-0"]
[WhiteElo "1671"]
[BlackElo "2115"]
[PlyCount "115"]
[EventDate "1997.10.??"]
[EventType "team-tourn"]
[EventRounds "9"]
[EventCountry "GER"]
[SourceTitle "EXT 2020"]
[Source "ChessBase"]
[SourceDate "2019.10.17"]
[SourceVersion "1"]
[SourceVersionDate "2019.10.17"]
[SourceQuality "1"]
[WhiteTeam "Noerdlingen"]
[BlackTeam "Augsburg SG 1873"]
[WhiteTeamCountry "GER"]
[BlackTeamCountry "GER"]

1. e4 c6 2. d4 d5 3. e5 Bf5 4. Nf3 e6 5. Be2 Nd7 6. 0-0 Ne7 7. Nh4 Bg6 8. Nd2 c5 9. c3 Nc6 10. Nxg6 hxg6 11. Nf3 cxd4 12. cxd4 Rc8 13. a3 Be7 14. b4 Qb6 15. Be3 a6 16. Qd3 Na7 17. Nd2 Qb5 18. Rfc1 0-0 19. Nb3 Qxd3 20. Bxd3 Nb8 21. Nc5 Rc7 22. a4 Rfc8 23. Rcb1 a5 24. b5 b6 25. Nb3 Bb4 26. Kf1 Nd7 27. Ke2 Kf8 28. Rh1 Rc3 29. Rab1 R3c7 30. h4 Ke7 31. h5 gxh5 32. Rxh5 Nf8 33. g4 Rb8 34. f4 g6 35. Rh6 Nc8 36. Nc1 Ke8 37. Na2 Ba3 38. Rb3 Be7 39. f5 gxf5 40. gxf5 exf5 41. Nc3 f4 42. Bxf4 Ne6 43. Be3 Bf8 44. Nxd5 Bxh6 45. Nxc7+ Nxc7 46. Bxh6 Ne6 47. Ke3 Ne7 48. Ke4 Rd8 49. Be3 Nd5 50. Bc4 Nxe3 51. Bxe6 Nf1 52. Bxf7+ Ke7 53. Rd3 Nh2 54. Bh5 Rh8 55. Be2 Kd7 56. Rg3 Rh6 57. Rg7+ Kd8 58. Kd5 1-0

[Event "Regionalliga SW 9596"]
[Site "Bayern"]
[Date "1996.??.??"]
[Round "?"]
[White "Negele, Anton"]
[Black "Daurer, Walter"]
[Result "1-0"]
[WhiteElo "2115"]
[BlackElo "2100"]
[PlyCount "73"]
[EventDate "1995.10.??"]
[EventType "team-tourn"]
[EventRounds "9"]
[EventCountry "GER"]
[SourceTitle "EXT 1999"]
[Source "ChessBase"]
[SourceDate "1998.11.16"]
[SourceVersion "1"]
[SourceVersionDate "1998.11.16"]
[SourceQuality "1"]
[WhiteTeam "Augsburg SG 1873"]
[BlackTeam "Kriegshaber SK"]
[WhiteTeamCountry "GER"]
[BlackTeamCountry "GER"]

1. c4 Nf6 2. Nc3 g6 3. g3 Bg7 4. Bg2 0-0 5. Nf3 d6 6. 0-0 Nc6 7. Rb1 a5 8. a3 e5 9. d3 h6 10. b4 axb4 11. axb4 Be6 12. b5 Ne7 13. Bd2 Qd7 14. c5 Bh3 15. cxd6 cxd6 16. Qb3 Bxg2 17. Kxg2 Qe6 18. Qxe6 fxe6 19. Rfc1 Rfc8 20. Nd1 e4 21. Nd4 Kf7 22. Bb4 Nfd5 23. Rxc8 Rxc8 24. dxe4 Nxb4 25. Rxb4 d5 26. Nb3 Rc4 27. Rxc4 dxc4 28. Na5 c3 29. Ne3 b6 30. Nac4 Nc8 31. Kf1 Bf8 32. Ke1 Bc5 33. Nc2 Kf6 34. f3 Na7 35. e5+ Kg5 36. h4+ Kf5 37. e4# 1-0

[Event "Regionalliga SW 9596"]
[Site "Bayern"]
[Date "1995.??.??"]
[Round "?"]
[White "Dreesen, Jan"]
[Black "Negele, Anton"]
[Result "0-1"]
[WhiteElo "2030"]
[BlackElo "2115"]
[PlyCount "140"]
[EventDate "1995.10.??"]
[EventType "team-tourn"]
[EventRounds "9"]
[EventCountry "GER"]
[SourceTitle "EXT 1999"]
[Source "ChessBase"]
[SourceDate "1998.11.16"]
[SourceVersion "1"]
[SourceVersionDate "1998.11.16"]
[SourceQuality "1"]
[WhiteTeam "Sonthofen"]
[BlackTeam "Augsburg SG 1873"]
[WhiteTeamCountry "GER"]
[BlackTeamCountry "GER"]

1. e4 c6 2. d4 d5 3. exd5 cxd5 4. c4 Nf6 5. Nc3 e6 6. Bg5 Bb4 7. Nf3 0-0 8. Bd3 dxc4 9. Bxc4 Bxc3+ 10. bxc3 Qc7 11. Qd3 Nbd7 12. 0-0 b6 13. Rac1 Bb7 14. Bb3 Ng4 15. Bc2 g6 16. Bh4 Bxf3 17. Bg3 Nge5 18. dxe5 Bd5 19. Bb3 Nc5 20. Qc2 Be4 21. Qd2 Rfd8 22. Qh6 Rd7 23. Rfe1 Qd8 24. Bh4 Qf8 25. Qf4 Bc6 26. Bc2 Rc8 27. Bf6 Nd3 28. Bxd3 Rxd3 29. Red1 Rxd1+ 30. Rxd1 Bd5 31. Qd2 Rc4 32. Re1 Rg4 33. f3 Bxf3 34. g3 Bd5 35. Qf2 Ra4 36. Re2 h5 37. Rd2 Qh6 38. Qe2 Qf8 39. h3 Qa3 40. Kh2 Qc5 41. g4 hxg4 42. hxg4 Kf8 43. Rd3 Ke8 44. Kh3 Qc4 45. Kh4 Rxa2 46. Qe3 Rc2 47. Kg5 Kd7 48. Qh3 Kc6 49. Kh6 Rh2 50. Qxh2 Qxd3 51. Qb2 Qh3+ 52. Kg7 Qxg4 53. Qa3 Qe4 54. Qxa7 g5 55. Kxf7 g4 56. Qa8+ Kb5 57. Qg8 Kc4 58. Qc8+ Kb3 59. Qc7 g3 60. Qxb6+ Kxc3 61. Qa5+ Kc2 62. Qc5+ Kd1 63. Qg1+ Qe1 64. Qd4+ Ke2 65. Qg4+ Kf1 66. Bh4 Qf2+ 67. Ke8 Kg2 68. Ke7 Qf3 69. Qg5 Kh3 70. Bxg3 Qxg3 0-1